000 00535nam a2200169Ia 4500
003 GCL
008 140319s9999 xx 000 0 ara d
040 _aGCL /
_cGCL
082 0 4 _a910.09
_bم م
100 1 _aمحمد محمود الصياد
245 1 0 _aمدخل للجغرافية الاقليمية /
_cمحمد محمود الصياد
260 _a[S.N] :
_bدار النهضة العربية
490 _a
650 0 4 _aالجغرافيا الطبيعية
650 0 4 _aالجغرافيا البشرية
942 _2ddc
_cBK
999 _c37432
_d37432